banner-ar

GUIDE D EXPRESSION ORALE / (Record no. 22527)

MARC details
000 -الفاتح
حقل البيانات ثابتة الطول 00477nam a2200181Ia 4500
008 - عناصر البيانات ثابتة الطول - معلومات عامة
حقل البيانات ثابتة الطول 140319s9999 xx 000 0 eng d
040 ## - مصدر الفهرسة
وكالة الفهرسة الأصلية GCL /
وكالة النسخ GCL
082 04 - رقم تصنيف ديوى العشرى
رقم التصنيف REF
رقم المادة 443
-- GG
100 1# - المدخل الرئيسى - إسم شخصى
الإسم الشخصى STEWART, ALIVIA
245 10 - بيان العنوان
العنوان GUIDE D EXPRESSION ORALE /
بيان المسئوليه,etc STEWART, ALIVIA
260 ## - PUBLICATION, DISTRIBUTION, ETC. (IMPRINT)
تاريخ النشر أو التوزيع 1991
300 ## - الوصف المادى
التعداد 401
650 04 - المدخل الاضافى بالموضوع-مصطلح موضوعى
مصطلح موضوعي تقوية الذاكرة
650 04 - المدخل الاضافى بالموضوع-مصطلح موضوعى
مصطلح موضوعي DICTIONARIES, POLYGLOT
650 04 - المدخل الاضافى بالموضوع-مصطلح موضوعى
مصطلح موضوعي CESMMY
942 ## - عناصر المدخل الإضافي( كوها)
مصدر التصنيف او مخطط الترفيف Dewey Decimal Classification
Koha [default] item type كتاب
260 ## - PUBLICATION, DISTRIBUTION, ETC. (IMPRINT)
-- [S.N] :
-- REFERENCES LARUSSE ،
Holdings
حالة التراجع حالة الفقد حالة تلف ليس للاعارة المكان المؤقت الموقع الحالى تاريخ الاكتساب اجمالي اﻻعارات رقم الطلب الباركود تاريخ اخر مشاهدة تاريخ تفعيل السعر نوع وعاء كوها
        مكتبة القاهرة الكبرى مكتبة القاهرة الكبرى 03/26/2014   REF\443\GG 40806 03/26/2014 03/26/2014 كتاب

Powered By

EGPV